Estrategias de cálculo y problemas numérico-verbales
Enregistré dans:
| Auteurs principaux: | , , |
|---|---|
| Format: | Livre |
| Langue: | espagnol |
| Publié: |
Madrid
Ciencias de la Educación Preescolar y Especial
1996
|
| Collection: | Progresint, 17
|
| Sujets: | |
| Tags: |
Ajouter un tag
Pas de tags, Soyez le premier à ajouter un tag!
|
MARC
| LEADER | 00000nam a2200000 a 4500 | ||
|---|---|---|---|
| 001 | UCT8988 | ||
| 003 | CL-VaPUC | ||
| 008 | 970404e19960000SP |||||||||||||||||spa|d | ||
| 082 | 0 | 4 | |a 372.7 |b YUS |2 21 |
| 100 | 0 | |a Yuste Hernanz, Carlos |e author |9 381323 | |
| 700 | |a Galve Manzano, José Luis |e author |9 556487 | ||
| 700 | 0 | |a Quiros, Juanmiguel S |e author |9 381325 | |
| 245 | 1 | 0 | |a Estrategias de cálculo y problemas numérico-verbales |
| 300 | |a 95 p | ||
| 942 | |c BK | ||
| 945 | |d 19970404 00:00:00 |a rleighto | ||
| 260 | |a Madrid |b Ciencias de la Educación Preescolar y Especial |c 1996 | ||
| 650 | 0 | |a Educación básica |9 224933 | |
| 650 | 0 | |a Psicología educacional |9 307830 | |
| 650 | 0 | |a Inteligencia |9 267038 | |
| 650 | 0 | |a Matemáticas |x Enseñanza |9 875527 | |
| 583 | |a last modification |c 19970404 00:00:00 |k Rodrigo Vera | ||
| 490 | 0 | |a Progresint, 17 | |
| 999 | |c 257451 |d 257449 | ||
| 952 | |0 0 |1 0 |4 0 |6 372_700000000000000_YUS_1996 |7 0 |8 A |9 280909 |a BIBEDU |b BIBEDU |d 2019-11-19 |i 329255K |o 372.7 YUS 1996 |p 329255K |r 2019-11-19 |w 2019-11-19 |y BK |k EPE | ||
| 952 | |0 0 |1 0 |4 0 |6 372_700000000000000_YUS_1996 |7 0 |8 A |9 280910 |a BIBEDU |b BIBEDU |d 2019-11-19 |i 3332527 |o 372.7 YUS 1996 |p 3332527 |r 2019-11-19 |w 2019-11-19 |y BK |k EDU | ||